LEADER 01951oam 2200433 450 001 9910716768003321 005 20220415085352.0 035 $a(CKB)5470000002524494 035 $a(OCoLC)1263351972 035 $a(EXLCZ)995470000002524494 100 $a20210811d2007 ua 0 101 0 $aeng 135 $aur||||||||||| 181 $ctxt$2rdacontent 182 $cc$2rdamedia 183 $acr$2rdacarrier 200 12$aA review of TRIPS and TRIMs enforcement issues in the People's Republic of China $ebackground and analysis of the intellectual property protection and enforcement crisis facing U.S. industry /$fEdward A. Miller, Helen B. Miller 210 1$a[Washington, D.C.] :$cU.S.-China Economic and Security Review Commission,$d2007. 215 $a1 online resource (iii, 40 pages) 300 $a"This Report is a Supplement to a Report Submitted by Stewart and Stewart: China's Laws, Regulations and Practices in the Areas of Technology Transfer, Trade-Related Investment Measures, Subsidies and Intellectual Property Protection Which Raise WTO Compliance Concerns." 300 $a"October 2007." 320 $aIncludes bibliographical references. 517 $aReview of TRIPS and TRIMs enforcement issues in the People's Republic of China 606 $aIntellectual property infringement$zChina 607 $aChina$xForeign relations$zUnited States 607 $aUnited States$xForeign relations$zChina 607 $aChina$xCommerce$zUnited States 607 $aUnited States$xCommerce$zChina 615 0$aIntellectual property infringement 700 $aMiller$b Edward A.$02716 702 $aMiller$b Helen B. 712 02$aU.S.-China Economic and Security Review Commission, 801 0$bGPO 801 1$bGPO 801 2$bGPO 906 $aBOOK 912 $a9910716768003321 996 $aA review of TRIPS and TRIMs enforcement issues in the People's Republic of China$93475878 997 $aUNINA LEADER 01656nam 2200433 n 450 001 996390942903316 005 20221108072830.0 035 $a(CKB)1000000000655314 035 $a(EEBO)2269047333 035 $a(UnM)99829648 035 $a(UnM)9927930800971 035 $a(EXLCZ)991000000000655314 100 $a19950620d1680 uy | 101 0 $aeng 135 $aurbn||||a|bb| 200 04$aThe learned readings of Robert Holbourne, esq$b[electronic resource] $eupon the statute of 25 Ed. 3. cap. 2. being the statute of treasons. Delivered in Lincoln's-Inn, Feb. 28. 1641. wherein the whole argument is fully comprehended, in three lectures 210 $aLondon $cprinted for Matt. Gillyflower, bookseller in Westminster-Hall$d1680 215 $a141, [3] p 300 $aCaption title on pg. 73: Cases of treason. 300 $aIncludes table of contents. 300 $aReproduction of the original at the Harvard University Library. 330 $aeebo-0062 606 $aTreason$zEngland$vEarly works to 1800 606 $aPrerogative, Royal$zEngland$vEarly works to 1800 606 $aCriminal law$zEngland$vEarly works to 1800 607 $aGreat Britain$xHistory$yCharles I, 1625-1649$vEarly works to 1800 615 0$aTreason 615 0$aPrerogative, Royal 615 0$aCriminal law 700 $aHolborne$b Robert$cSir,$fd. 1647.$01003637 701 $aBacon$b Francis$f1561-1626.$0159133 801 0$bCu-RivES 801 1$bCu-RivES 801 2$bCStRLIN 801 2$bWaOLN 906 $aBOOK 912 $a996390942903316 996 $aThe learned readings of Robert Holbourne, esq$92368628 997 $aUNISA